হ্যাবিটাট বাংলাদেশ : (Record no. 2296)

MARC details
000 -LEADER
fixed length control field 01445nam a2200241 a 4500
003 - CONTROL NUMBER IDENTIFIER
control field BD-DhJNU
005 - DATE AND TIME OF LATEST TRANSACTION
control field 20251021041036.0
008 - FIXED-LENGTH DATA ELEMENTS--GENERAL INFORMATION
fixed length control field 240708s2024 bg |||g |||| 000 1|ben|d
020 ## - INTERNATIONAL STANDARD BOOK NUMBER
International Standard Book Number 9789843701756
040 ## - CATALOGING SOURCE
Original cataloging agency BD-DhJNU
Language of cataloging ben
Transcribing agency BD-DhJNU
Modifying agency BD-DhJNU
041 ## - LANGUAGE CODE
Language code of text/sound track or separate title ben
082 ## - DEWEY DECIMAL CLASSIFICATION NUMBER
Classification number 307.121 HAB
Edition number 23
242 10 - TRANSLATION OF TITLE BY CATALOGING AGENCY
Title Habitat Bangladesh :
Remainder of title selected essays from Habitat Day /
Statement of responsibility, etc. edited by Nurul Islam Nazem and Syeda Israt Najia
245 10 - TITLE STATEMENT
Title হ্যাবিটাট বাংলাদেশ :
Remainder of title বিশ্ব বসতি দিবসের নির্বাচিত প্রবন্ধ সংকলন /
Statement of responsibility, etc. নুরুল ইসলাম নাজেম এবং সৈয়দা ইসরাত নাজিয়া কর্তৃক সম্পাদিত
246 ## - VARYING FORM OF TITLE
Title proper/short title Habitat Bangladesh: bishwa bosoti dibosher nirbachito probondho shongkolon
260 ## - PUBLICATION, DISTRIBUTION, ETC.
Place of publication, distribution, etc. ঢাকা :
Name of publisher, distributor, etc. নগর গবেষণা কেন্দ্র,
Date of publication, distribution, etc. 2024.
300 ## - PHYSICAL DESCRIPTION
Extent ২৫৬ পৃ. :
Other physical details চিত্র ;
Dimensions ২২ সেমি.।
504 ## - BIBLIOGRAPHY, ETC. NOTE
Bibliography, etc. note গ্রন্থপঞ্জিগত নির্দেশিকা ও নিঘন্ট অন্তভূক্ত
650 ## - SUBJECT ADDED ENTRY--TOPICAL TERM
Topical term or geographic name entry element নগর উন্নয়ন--Urban development
710 ## - ADDED ENTRY--CORPORATE NAME
Corporate name or jurisdiction name as entry element নাজেম, নুরুল ইসলাম
Relator term সম্পাদক
710 ## - ADDED ENTRY--CORPORATE NAME
Corporate name or jurisdiction name as entry element নাজিয়া, সৈয়দা ইসরাত
Relator term সম্পাদক
942 ## - ADDED ENTRY ELEMENTS (KOHA)
Koha item type Books
Holdings
Withdrawn status Lost status Source of classification or shelving scheme Damaged status Not for loan Collection Home library Current library Shelving location Date acquired Source of acquisition Total checkouts Full call number Barcode Date last seen Copy number Price effective from Koha item type
    Dewey Decimal Classification     Non-fiction Jagannath University Central Library Jagannath University Central Library Children's area 10/21/2025 Purchased   307.121 HAB JNUCL35889 10/21/2025 1 10/21/2025 Books
    Dewey Decimal Classification     Non-fiction Jagannath University Central Library Jagannath University Central Library Children's area 10/21/2025 Purchased   307.121 HAB JNUCL35890 10/21/2025 2 10/21/2025 Books
    Dewey Decimal Classification     Non-fiction Jagannath University Central Library Jagannath University Central Library Children's area 10/21/2025 Purchased   307.121 HAB JNUCL35891 10/21/2025 3 10/21/2025 Books
    Dewey Decimal Classification     Non-fiction Jagannath University Central Library Jagannath University Central Library Children's area 10/21/2025 Purchased   307.121 HAB JNUCL35892 10/21/2025 4 10/21/2025 Books
    Dewey Decimal Classification     Non-fiction Jagannath University Central Library Jagannath University Central Library Children's area 10/21/2025 Purchased   307.121 HAB JNUCL35893 10/21/2025 5 10/21/2025 Books